000 00492nam a2200157Ia 4500
003 OSt
005 20200622112125.0
008 190216s9999||||xx |||||||||||||| ||und||
040 _coclc
082 _a954.03
_bGUH/E
100 _aGuha, Ranajit
_93089
245 0 _aElementary Aspects Of Peasant Insurgency In Colonial India /
_cRanajit Guha
260 _bOxford University Press,
_c1983.
_aDelhi:
300 _a361p
942 _cREF
_2ddc
_h954.03
_iGUH/E
_k954.03
_mGUH/E
999 _c35875
_d35875